000 00336 a2200145 4500
001 156436
040 _cEscola São Tomás de Aquino
100 _aMACHADO, Ana Maria
240 1 0 _aO Natal de Manuel
_lpor
245 1 0 _aO Natal de Manuel
362 0 _a1985
440 1 _aNova Fronteira
697 _a*LITERATURA INFANTO
942 _cBK
999 _c156436
_d156436